Cantons de la Drôme sur une carte - Statistiques

Statistiques générales
  • Ce quiz a été pris 39 fois
  • Le résultat moyen est 9 sur 19
Réponses sur la Carte
Les réponses sont colorées sur une échelle allant du rouge au vert en fonction du pourcentage des utilisateurs qui les ont devinées à leur premier essai. Vous pouvez retrouver ces pourcentages ci-dessous.
 
Statistiques - réponses
Réponse % Correct
Le Diois
62%
Le Tricastin
62%
Valence-1
58%
Loriol-sur-Rhône
54%
Montélimar-1
54%
Nyons et Baronnies
54%
Crest
50%
Vercors-Monts du Matin
50%
Dieulefit
46%
Grignan
46%
Montélimar-2
46%
Saint-Vallier
46%
Tain-l'Hermitage
46%
Bourg-de-Péage
42%
Drôme des Collines
42%
Romans-sur-Isère
42%
Valence-3
27%
Valence-2
19%
Valence-4
12%
Aucun quiz correspondant
Distribution des résultats
% des personnes avec chaque résultat
Percentile par nombre de réponses
Votre historique - résultats
Vous n’avez pas pris ce quiz